Blue lock RIVALS movement abilities - Statistics

General Stats
  • This quiz has been taken 157 times
  • The average score is 16 of 31
Answer Stats
Hint Answer % Correct
Nagi Dash
82%
NEL Isagi Dash
82%
Chigiri Speedster
81%
Isagi Fade away
77%
Kunigami Body block
69%
Bachira Steal
67%
Chigiri Accelerate
65%
Chigiri Blast
65%
Don Lorenzo Zombie dribble
58%
Sae Meta vision
57%
NEL Isagi Meta vision
57%
King Kings dribble
55%
Hiori Ice dribble
54%
Kurona Shark steal
53%
Otoya Ninja dribble
52%
Sae Heel flick
50%
RIn Opposite direction
47%
Don Lorenzo Zombie dash
47%
Karasu Crow theft
46%
Gagamaru Diving header
46%
Sae Magical turn
46%
Aiku Charge
44%
Yukimiya Freestyle
41%
Bachira Infinite dribbles
41%
Otoya Stealthy steps
40%
Karasu Raven dribble
39%
Don Lorenzo Golden defense
38%
Yukimiya Lethal Touch
33%
Gagamaru Fast reactions
32%
Yukimiya Street dribbling
30%
Don Lorenzo Undead mode
30%
No matching quizzes found
Score Distribution
Percent of People with Each Score
Percentile by Number Answered
Your Score History
You have not taken this quiz